Vida de Jesucristo (Record no. 127190)

MARC details
000 -LEADER
campo de control de longitud fija 00706nam a2200205 i 4500
001 - NÚMERO DE CONTROL
campo de control 127190
003 - IDENTIFICADOR DE NÚMERO DE CONTROL
campo de control ES-MaACL
005 - FECHA Y HORA DE LA ÚLTIMA TRANSACCIÓN
campo de control 20250728063129.0
007 - CAMPO FIJO DE DESCRIPCIÓN FÍSICA--INFORMACIÓN GENERAL
campo de control de longitud fija t|
008 - DATOS DE LONGITUD FIJA--INFORMACIÓN GENERAL
campo de control de longitud fija 070214s1957 sp r ||||1| spa d
100 1# - ENTRADA PRINCIPAL--NOMBRE DE PERSONA
Nombre de persona Ricciotti, Giuseppe,
Fechas asociadas al nombre 1890-1964
9 (RLIN) 96885
245 10 - MENCIÓN DEL TÍTULO
Título Vida de Jesucristo
Resto del título : con introducción crítica e ilustraciones /
Mención de responsabilidad, etc. Giuseppe Ricciotti ; [prólogo y revisión por el Dr. Ramón Roquer Vilarrasa].
250 ## - MENCION DE EDICION
Mención de edición 6ª ed.
260 ## - PUBLICACIÓN, DISTRIBUCIÓN, ETC.
Lugar de publicación, distribución, etc. Barcelona :
Nombre del editor, distribuidor, etc. Luis Miracle,
Fecha de publicación, distribución, etc. 1957.
300 ## - DESCRIPCIÓN FÍSICA
Extensión 756 p. :
Otras características físicas il. ;
Dimensiones 25 cm.
600 04 - PUNTO DE ACCESO ADICIONAL DE MATERIA--NOMBRE DE PERSONA
Nombre de persona Jesucristo-
Subdivisión general Biografías.
9 (RLIN) 140032
700 1# - ENTRADA AGREGADA--NOMBRE PERSONAL
Nombre de persona Roquer, Ramón.
9 (RLIN) 99549
852 ## - LOCALIZACIÓN
Ubicación ES-MaACL
Número de control de estantería C-14963
Sublocalización o colección R.43044
Holdings
Estatus retirado Estado de pérdida Estado de daño No para préstamo Biblioteca de origen Biblioteca actual Ubicación en estantería Fecha de adquisición Fuente de adquisición Total de préstamos Signatura topográfica completa Código de barras Visto por última vez Precio de reemplazo Tipo de ítem Koha
        Biblioteca del Ateneo de Madrid Biblioteca del Ateneo de Madrid Ficheros 17/01/2008     C-14963 1132475 23/02/2023 23/02/2023 Libro impreso